Human behavior and the social environment models, metaphors, and maps for applying theoretical perspectives to practice
Includes bibliographical references (p. 586-610) and indexes.; Neal A. Newfield, Ph.D., LICSW (Giver)
Gardado en:
| Autor Principal: | |
|---|---|
| Formato: | Libro |
| Idioma: | Undetermined |
| Publicado: |
Belmont, CA
Thomson Brooks/Cole
c2007
|
| Những chủ đề: | |
| Acceso en liña: | http://lrc.tdmu.edu.vn/opac/search/detail.asp?aID=2&ID=31414 |
| Các nhãn: |
Engadir etiqueta
Sen Etiquetas, Sexa o primeiro en etiquetar este rexistro!
|
| Thư viện lưu trữ: | Trung tâm Học liệu Trường Đại học Thủ Dầu Một |
|---|
| LEADER | 00976nam a2200217Ia 4500 | ||
|---|---|---|---|
| 001 | TDMU_31414 | ||
| 008 | 210410s9999 xx 000 0 und d | ||
| 082 | |a 398.204509597 | ||
| 090 | |b F434 | ||
| 100 | |a Forte, James A | ||
| 245 | 0 | |a Human behavior and the social environment | |
| 245 | 0 | |b models, metaphors, and maps for applying theoretical perspectives to practice | |
| 245 | 0 | |c James A. Forte | |
| 260 | |a Belmont, CA | ||
| 260 | |b Thomson Brooks/Cole | ||
| 260 | |c c2007 | ||
| 300 | |a xxxv, 634 p. | ||
| 520 | |a Includes bibliographical references (p. 586-610) and indexes.; Neal A. Newfield, Ph.D., LICSW (Giver) | ||
| 650 | |a Human behavior; Social service |x Methodology; Social systems; Social work education; Hành vi con người |x Môi trường xã hội; Dịch vụ xã hội |x Phương thức | ||
| 856 | |u http://lrc.tdmu.edu.vn/opac/search/detail.asp?aID=2&ID=31414 | ||
| 980 | |a Trung tâm Học liệu Trường Đại học Thủ Dầu Một | ||